| 000 | 00594nam a22001697a 4500 | ||
|---|---|---|---|
| 020 | _qHard Cover. | ||
| 082 | _a330 | ||
| 100 | _aMaha Nazami : Abdus Samad. | ||
| 245 |
_aLimitations of Monetary Policies in Developing Countries: _bA Case Study of Pakistan / _cNazami, Maha : Samad, Abdus |
||
| 260 |
_aIslamabad: _bS3H-NUST, _c2021. |
||
| 300 |
_a31 p. : _bill. ; _c30cm. |
||
| 650 | _aBS-Economics. | ||
| 700 |
_aDr. Ashfaque Hassan Khan _917420 |
||
| 856 | _uhttp://10.250.8.41:8080/xmlui/handle/123456789/24388 | ||
| 942 |
_2ddc _cPR |
||
| 999 |
_c566200 _d566200 |
||